Teams that N'Golo Kanté Has Played For - Statistics

General Stats
  • This quiz has been taken 376 times
    45 since last reset
  • The average score is 4 of 7
Answer Stats
Years Apps Goals Team % Correct
2016-2023 190 11 Chelsea
100%
2015-2016 37 1 Leicester City
86%
2016- 65 2 France
84%
2023-2026 79 8 Al-Ittihad
67%
2013-2015 75 4 Caen
49%
2026- 7 1 Fenerbahçe
49%
2012-2013 38 3 Boulogne
14%
No matching quizzes found
Score Distribution
Percent of People with Each Score
Percentile by Number Answered
Your Score History
You have not taken this quiz since the last reset